000 00648nam a22002177a 4500
005 20150511125839.0
010 _aENG-112817
020 _c525.00
_a9788120350977
035 _aEN-96349
037 _bDBAD/PUB
082 _a511.1
100 _aChandrasekaran, N.
245 _aDiscrete mathematics /
_cby N.Chandrasekaran [and] M. Umaparvathi
250 _a2nd ed
260 _aDelhi
_bPHI Learning
_c2015
270 _aRimijhim House, 111, Patparganj Industrial Estate,
_bDelhi
_e110092
300 _axii,866 :
_c24cm(pbk)
_bill.
500 _aIncludes index
700 _a Umaparvathi, M.
942 _2ddc
_cEN
_mCHA
_h511.1
999 _c92993
_d92993